Vereine der 2. Bundesliga - Fußball Sudden Death #7 - Statistiken

Allgemein
  • Dieses Quiz wurde 3.253 mal gespielt
  • Das Durchschnittsergebnis liegt bei 10 aus 18
Answers on the Grid
Answers color-coded by a green-red scale on the quiz's grid according to % correct below.
1. FC Kaiserslautern
1. FC Köln
1. FC Magdeburg
1. FC Nürnberg
1. FC Saarbrücken
Arminia Bielefeld
Dynamo Dresden
Eintracht Braunschweig
Energie Cottbus
FC Erzgebirge Aue
FC Schalke 04
FC St. Pauli
Fortuna Düsseldorf
Hamburger SV
Hannover 96
Hansa Rostock
Hertha BSC
Holstein Kiel
Karlsruher SC
SC Paderborn 07
SC Preußen Münster
SpVgg Greuther Fürth
SSV Ulm 1846
SV Darmstadt 98
SV Elversberg
SV Wehen Wiesbaden
SSV Jahn Regensburg
TSV 1860 München
VfL Bochum
VfL Osnabrück
 
Antwortstatistiken
Antwort % Korrekt
1. FC Kaiserslautern
91%
1. FC Nürnberg
86%
1. FC Magdeburg
80%
1. FC Köln
73%
Eintracht Braunschweig
64%
FC Schalke 04
63%
Fortuna Düsseldorf
57%
Hamburger SV
55%
Hannover 96
55%
Hertha BSC
55%
SV Elversberg
50%
Karlsruher SC
49%
SC Paderborn 07
48%
SpVgg Greuther Fürth
47%
SV Darmstadt 98
46%
SSV Ulm 1846
45%
SC Preußen Münster
44%
SSV Jahn Regensburg
41%
Keine übereinstimmenden Quizze gefunden
Verteilung der Resultate
Anzahl Personen mit jedem Resultat
Perzentil nach korrekt beantworteten Fragen
Ihre Resultats-Entwicklung
Sie haben dieses Quiz noch nicht gespielt